000
00289nam a2200121Ia 4500
008
190216s9999||||xx |||||||||||||| ||und||
100
_a
Eliot T S
245
4
_a
The Waste Land And Other Poems
260
_b
Faber And Faber
_c
1962
300
_a
79p
650
_a
English Poetry
942
_c
BK
999
_c
12104
_d
12104